<?xml version="1.0" encoding="UTF-8"?>
<marc:record xmlns:marc="http://www.loc.gov/MARC21/slim">
   <marc:leader>00000nam a2200000 a 4500</marc:leader>
   <marc:datafield ind1="1" ind2=" " tag="100">
      <marc:subfield code="a">Hanks, Tom</marc:subfield>
   </marc:datafield>
   <marc:datafield ind1="0" ind2="0" tag="245">
      <marc:subfield code="a">The green Mile</marc:subfield>
   </marc:datafield>
   <marc:datafield ind1=" " ind2="1" tag="264">
      <marc:subfield code="a">Hamburg</marc:subfield>
      <marc:subfield code="b">Warner Home Video</marc:subfield>
      <marc:subfield code="c">1999</marc:subfield>
   </marc:datafield>
   <marc:datafield ind1="1" ind2=" " tag="520">
      <marc:subfield code="a">Das Staatsgefängnis Cold Montain im US-Staat Georgia, Anfang der dreißjiger Jahre: Seit vielen Jahren leitet der umsichtige Oberaufseher Paul Edgecomb den berüchtigten Block E - den Todestrakt. Doch als ihm der hühnenhafte schwarze Häftling John Coffey überstellt wird, beschleichen Edgecomb zum ersten Mal Zweifel an seinem Job: Denn den verängstigten Riesen Coffey übweht eine geheimnisvolle Aura, der sich schon bald im Block E keiner mehr entziehen kann ......</marc:subfield>
   </marc:datafield>
   <marc:datafield ind1=" " ind2=" " tag="020">
      <marc:subfield code="a">1921025794</marc:subfield>
      <marc:subfield code="9">1921025794</marc:subfield>
   </marc:datafield>
   <marc:datafield ind1=" " ind2=" " tag="500">
      <marc:subfield code="a">FSK freigegeben ab 12 Jahren</marc:subfield>
   </marc:datafield>
   <marc:datafield ind1="0" ind2=" " tag="490">
      <marc:subfield code="v">0</marc:subfield>
   </marc:datafield>
   <marc:datafield ind1=" " ind2=" " tag="300">
      <marc:subfield code="a">181 Min.</marc:subfield>
   </marc:datafield>
</marc:record>
